000 00679nam a2200193Ia 4500
008 191130s2007##################000#0#eng##
020 _a9788876422805
040 _aACL
_cACL
082 _a616.80199 ROS
100 _aRossi, Francesco Mattia
245 _aA study on nerve growth factor (NGF) Receptor expression in the rat visual cortex possible sites and mechanisms of NGF action in cortical plasticity
_cFrancesco Mattia Rossi
260 _aParis
_bEdizioni Della Normale
_c2007
300 _a88 p. ; 25 cm
500 _aBibliographical references
650 _aNerve Groeth Factor
990 _a741e0e78ac10000c4187a17df3bdd2b4
991 _a96945
999 _c359238
_d359238